| 000 | 00698nam a22001937a 4500 | ||
|---|---|---|---|
| 003 | BUBTL | ||
| 008 | 190430b xxu||||| |||| 00| 0 eng d | ||
| 020 | _a984-465-126-3 | ||
| 082 | _a954.92 / SAS | ||
| 100 |
_92314 _aসাত্তার, আলমগীর |
||
| 245 |
_aসত্তায় বঙ্গবন্ধু ও মুক্তিযুদ্ধ / _cআলমগীর সাত্তার |
||
| 250 | _a2nd ed. | ||
| 260 |
_aঢাকা _bসাহিত্য প্রকাশ _cc2016 |
||
| 300 |
_a184 p. : _c22 cm. |
||
| 650 | 0 |
_91755 _aমুক্তিযুদ্ধ |
|
| 856 |
_k0 _l0 _yDownload |
||
| 942 |
_2ddc _cBK |
||
| 999 |
_c6012 _d6012 |
||